Statistiques concernant Film dont le titre commence par un S (3) - Version facile

Cliquez ici pour prendre le quiz!

Statistiques générales

  • Ce quiz a été pris 7 fois
  • Le résultat moyen est 6 sur 30

Statistiques - réponses

AnnéeRéalisateurGenre1 acteur ou
1 actrice
TitreIndice facile% Correct
1980Stanley KubrickDrame psychologiqueJack NicholsonShining*
100%
1989Steven SodenberghComédie dramatiqueJames SpaderSexe mensonges et vidéovidéo
80%
2014Audrey DanaComédieIsabelle AdjaniSous les jupes des fillesfilles
80%
2014Bertrand BonelloBiographieGaspard UllielSaint-Laurent*
40%
2007Jean-Paul RouvePolicierGérard DepardieuSans arme ni haine ni violencearme
40%
1985Jean-Yves ChatelaisComédieGérard JugnotScout toujours*
40%
2008Danny BoyleComédieDev PatelSlumdog millionaire*
40%
1994Roland EmmerichScience fictionJames SpaderStargate la porte des étoilesporte
40%
1999Patricia MazuyComédie dramatiqueIsabelle HuppertSaint-Cyr*
20%
1963Peter BrookDrameJames AubreySa Majesté des mouchesMajesté
20%
1942FernandelComédieFernandelSimplet*
20%
2002Steven SoderberghScience fictionGeorge ClooneySolaris*
20%
2016Dominique FarrugiaComédieGilles LelloucheSous le même toittoit
20%
1971Giuliano MontaldoDrameGian Maria VolonteSacco et Vanzettiet
0%
1958King VidorPeplumGina LollobridgidaSalomon et la reine de Sabareine
0%
1958André MichelDrameGino CerviSans famille*
0%
2014Ava DuVernayDrameDavid OyelowoSelma*
0%
1957Jean BoyerComédieFernandelSénéchal le MagnifiqueMagnifique
0%
1933Ernest LubitschComédieGary CooperSérénade à troistrois
0%
1932Clyde BruckmanComédieHarold LloydSilence on tourneon
0%
2022Olivier DahanBiographieElsa ZylbersteinSimone le voyage du sièclesiècle
0%
1935Ub IwerksAventuresDouglas FairbanksSindbad le Marinmarin
0%
1961Jean-Pierre MockyComédieJacques DufilhoSnobs*
0%
1957Mario SoldatiComédieFernandelSous le ciel de Provenceciel
0%
1952Cecil B. DeMilleComédie dramatiqueJames StewartSous le plus grand chapiteau du mondegrand
0%
1957Guido BrignonePeplumGianna Maria CanaleSous le signe de la croixsigne
0%
2015Bavo DefurneComédie dramatiqueIsabelle HuppertSouvenir*
0%
1992Joseph VilsmaierGuerreDominique HorwitzStalingrad*
0%
1950Roberto RosselliniComédie dramatiqueIngrid BergmanStromboli*
0%
1939John FordWesternHenry FondaSur la piste des Mohawkspiste
0%

Distribution des résultats

Percentile par nombre de réponses

% des personnes avec chaque résultat

Votre développement - résultats

Vous n’avez pas pris ce quiz